[Event "FIN-ch"]
[Site "Helsinki"]
[Date "2024.04.05"]
[Round "8"]
[White "Agopov, Mikael"]
[Black "Kallunki, Konsta"]
[Result "1-0"]
[WhiteElo "2442"]
[BlackElo "1993"]
[PlyCount "95"]
[EventDate "2024.03.29"]
[EventType "tourn"]
[EventRounds "9"]
[EventCountry "FIN"]
[EventCategory "3"]
[SourceTitle "CB15_2024"]
[SourceDate "2024.04.10"]
[SourceVersion "1"]
[SourceVersionDate "2024.04.10"]
[SourceQuality "1"]

1. e4 e5 2. Nf3 Nc6 3. Bb5 Nf6 4. 0-0 Nxe4 5. d4 Be7 6. dxe5 0-0 7. Qd5 Nc5 8. Nc3 a6 9. Bc4 b5 10. Be3 Ne6 11. Bd3 Re8 12. a4 b4 13. Qe4 Nf8 14. Nd5 Bb7 15. Rad1 Rb8 16. Qf4 Ng6 17. Qg3 Bf8 18. Bg5 Qc8 19. Bf5 Ncxe5 20. Nxe5 Rxe5 21. Bxg6 Rxd5 22. Bxf7+ Kxf7 23. Qf3+ Kg8 24. Rxd5 Bxd5 25. Qxd5+ Kh8 26. Re1 c6 27. Qf7 d5 28. Bf4 Ra8 29. Re6 Bc5 30. g3 Bd4 31. b3 c5 32. Be5 Bxe5 33. Rxe5 c4 34. Qxd5 c3 35. a5 h6 36. Re6 Qd8 37. Qe5 Qd1+ 38. Kg2 Rf8 39. Rxh6+ Kg8 40. Qe6+ Rf7 41. Qe8+ Rf8 42. Rh8+ Kxh8 43. Qxf8+ Kh7 44. Qf5+ g6 45. Qe4 Qb1 46. h4 Kg7 47. Qd3 Qe1 48. Qd4+ 1-0

[Event "Wch U20 60th"]
[Site "Mexico City"]
[Date "2023.09.22"]
[Round "3"]
[White "Kallunki, Konsta"]
[Black "Harshavardhan, GB."]
[Result "0-1"]
[WhiteElo "1978"]
[BlackElo "2397"]
[PlyCount "88"]
[EventDate "2023.09.21"]
[EventType "swiss"]
[EventRounds "11"]
[EventCountry "MEX"]
[SourceTitle "EXT 2024"]
[Source "ChessBase"]
[SourceDate "2023.10.10"]
[SourceVersion "1"]
[SourceVersionDate "2023.10.10"]
[SourceQuality "1"]

1. e4 c5 2. Nf3 d6 3. d4 cxd4 4. Nxd4 Nf6 5. Nc3 Nc6 6. Bg5 Bd7 7. Qd2 a6 8. 0-0-0 e6 9. f3 Be7 10. Kb1 Qc7 11. h4 h6 12. Be3 h5 13. Nxc6 Bxc6 14. Bg5 0-0-0 15. Qf2 Kb8 16. Bc4 Bxe4 17. Bxa6 Bxc2+ 18. Qxc2 bxa6 19. Qa4 Qb7 20. Rd3 Ka8 21. Ne4 Qb5 22. Qd4 d5 23. Nxf6 gxf6 24. Rb3 e5 25. Qf2 Qa5 26. Bd2 Qc5 27. Be3 d4 28. Qe2 Ka7 29. Rc1 Qd6 30. Bd2 Rc8 31. Qe4 Rxc1+ 32. Bxc1 Qc7 33. Bd2 Rc8 34. g4 hxg4 35. fxg4 Qc6 36. Qxc6 Rxc6 37. h5 f5 38. gxf5 e4 39. Rg3 e3 40. Bc1 Bh4 41. Rg4 Rxc1+ 42. Kxc1 e2 43. Re4 Bg5+ 44. Kc2 Be3 0-1

[Event "Wch U20 60th"]
[Site "Mexico City"]
[Date "2023.09.21"]
[Round "1"]
[White "Kallunki, Konsta"]
[Black "Avila Pavas, Santiago"]
[Result "0-1"]
[WhiteElo "1978"]
[BlackElo "2510"]
[PlyCount "86"]
[EventDate "2023.09.21"]
[EventType "swiss"]
[EventRounds "11"]
[EventCountry "MEX"]
[SourceTitle "EXT 2024"]
[Source "ChessBase"]
[SourceDate "2023.10.10"]
[SourceVersion "1"]
[SourceVersionDate "2023.10.10"]
[SourceQuality "1"]

1. e4 c5 2. Nf3 d6 3. d4 cxd4 4. Nxd4 Nf6 5. Nc3 g6 6. Be3 Nc6 7. f3 h5 8. Qd2 Nxd4 9. Bxd4 Bh6 10. Be3 Bxe3 11. Qxe3 Be6 12. Bb5+ Kf8 13. 0-0 Qa5 14. Ba4 Rc8 15. Bb3 Kg7 16. Bxe6 fxe6 17. e5 Qxe5 18. Qxe5 dxe5 19. Rfe1 Rc5 20. Rad1 Rhc8 21. Rd2 e4 22. fxe4 R8c7 23. Rd8 Ng4 24. Red1 Ne3 25. R1d3 Nxc2 26. Rb8 Nb4 27. Rdd8 Kf6 28. Rf8+ Ke5 29. Rg8 Nd3 30. Rxg6 Nxb2 31. Rg5+ Kf4 32. Rxc5 Rxc5 33. Rxb7 Nd3 34. Rb3 Nc1 35. g3+ Kg4 36. h3+ Kxh3 37. Rb5 Rxc3 38. Rxh5+ Kxg3 39. Ra5 Ne2+ 40. Kf1 Kf3 41. Ke1 Ke3 42. Kf1 Nf4 43. Kg1 Kf3 0-1